Нелинейное программирование. Методы последовательной безусловной минимизации: пер. с англ.

Bibliographic Details
Main Author: Фиакко А. В. Антони В.
Other Authors: Мак-Кормик Г. П. Гарф П.
Language:Russian
Published: Москва, Мир, 1972
Subjects:
Format: Book
KOHA link:https://koha.lib.tpu.ru/cgi-bin/koha/opac-detail.pl?biblionumber=208965

MARC

LEADER 00000nam0a2200000 4500
001 208965
005 20231101225513.0
035 |a (RuTPU)RU\TPU\book\228245 
090 |a 208965 
100 |a 20120208d1972 km y0rusy50 ca 
101 1 |a rus  |c eng 
102 |a RU 
105 |a a z 001zy 
200 1 |a Нелинейное программирование. Методы последовательной безусловной минимизации  |e пер. с англ.  |f А. В. Фиакко, Г. П. Мак-Кормик 
210 |a Москва  |c Мир  |d 1972 
215 |a 240 с.  |c ил. 
320 |a Библиогр.: с. 231-235. 
320 |a Указатели: с.236-238. 
606 |a Нелинейное программирование  |2 stltpush  |3 (RuTPU)RU\TPU\subj\45330  |9 64581 
610 1 |a методы минимизации 
610 1 |a теория 
610 1 |a экстраполяция 
610 1 |a выпуклое программирование 
610 1 |a алгоритмы 
675 |a 519.853  |v 3 
700 1 |a Фиакко  |b А. В.  |g Антони В. 
701 1 |a Мак-Кормик  |b Г. П.  |g Гарф П. 
801 1 |a RU  |b 63413507  |c 20120208 
801 2 |a RU  |b 63413507  |c 20220825  |g RCR 
942 |c BK